| Tag |
First Indicator |
Second Indicator |
Subfields |
| LEADER |
00000cam a22000001i 4500 |
| 001 |
in00004428913 |
| 005 |
20210422112921.0 |
| 006 |
m |o d | |
| 007 |
cr |n||||||||| |
| 008 |
200806t20202020enk ob 001 0 eng d |
| 020 |
|
|
|a 9781526145437 (electronic bk.)
|
| 020 |
|
|
|a 152614543X (electronic bk.)
|
| 020 |
|
|
|z 1526145421
|
| 020 |
|
|
|z 9781526145420
|
| 035 |
|
|
|a 6454028
|
| 040 |
|
|
|a NhCcYBP
|c NhCcYBP
|d UtOrBLW
|
| 043 |
|
|
|a e-uk---
|
| 050 |
|
4 |
|a KD4134
|b .E44 2020
|
| 082 |
0 |
4 |
|a 342.41082
|2 23
|
| 084 |
|
|
|a KM176 ELE
|q UkBrU-I
|2 moys
|
| 100 |
1 |
|
|a El-Enany, Nadine,
|e author.
|
| 245 |
1 |
0 |
|a (B)ordering Britain :
|b law, race and empire /
|c Nadine El-Enany.
|
| 246 |
3 |
0 |
|a Bordering Britain :
|b law, race and empire
|
| 264 |
|
1 |
|a Manchester :
|b Manchester University Press,
|c [2020]
|
| 264 |
|
4 |
|c ©2020
|
| 300 |
|
|
|a 1 online resource.
|
| 336 |
|
|
|a text
|b txt
|2 rdacontent
|
| 337 |
|
|
|a computer
|b c
|2 rdamedia
|
| 338 |
|
|
|a online resource
|b cr
|2 rdacarrier
|
| 500 |
|
|
|a Description based on print version record.
|
| 504 |
|
|
|a Includes bibliographical references and index.
|
| 505 |
0 |
0 |
|g Preface --
|g Introduction: Britain as the spoils of empire -- .
|t Bordering and ordering --
|t Aliens: immigration law's racial architecture --
|t Subjects and citizens: cordoning off colonial spoils --
|t Migrants, refugees and asylum seekers: predictable arrivals --
|t European citizens and third country nationals: Europe's colonial embrace --
|g Conclusion: 'Go home' as an invitation to stay --
|g Notes --
|g AcknowledgementsIndex
|
| 588 |
|
|
|a Description based on print version record.
|
| 500 |
|
|
|a Electronic resource.
|
| 650 |
|
0 |
|a Emigration and immigration law
|z Great Britain.
|0 http://id.loc.gov/authorities/subjects/sh2008102978
|
| 650 |
|
0 |
|a Imperialism
|x Economic aspects
|x Colonies
|z Great Britain.
|
| 650 |
|
0 |
|a Imperialism
|x Economic aspects
|z Great Britain.
|
| 651 |
|
0 |
|a Great Britain
|x Emigration and immigration
|x Government policy.
|
| 655 |
|
7 |
|a Electronic books.
|2 local
|
| 776 |
1 |
8 |
|i ebook version :
|z 9781526145444
|
| 776 |
1 |
8 |
|c Original
|z 1526145421
|z 9781526145420
|
| 856 |
4 |
0 |
|u http://proxy.library.tamu.edu/login?url=https://www.jstor.org/stable/10.2307/j.ctvwh8fgs
|z Connect to the full text of this electronic book
|t 0
|
| 955 |
|
|
|a JSTOR DDA record
|
| 999 |
f |
f |
|s c69f8fe8-788e-3a25-894b-d80aa41d2477
|i 4d75b6b6-7d58-3d6c-b735-2329718d545a
|t 0
|
| 952 |
f |
f |
|a Texas A&M University
|b College Station
|c Electronic Resources
|d Available Online
|t 0
|e KD4134 .E44 2020
|h Library of Congress classification
|
| 998 |
f |
f |
|a KD4134 .E44 2020
|t 0
|l Available Online
|